000
00308nam a22001337a 4500
003
SGT
082
_a
617.63
_b
A21M
245
_a
Advanced Imaging of TMJ
260
_b
SGT University
_c
2021
300
_a
92
650
_a
Oral Medicine and Radiology
653
_a
Oral Medicine and Radiology
942
_2
ddc
_c
TH
999
_c
23552
_d
23552